00292nam a2200133Ia 4500003000900000008004100009040001300050040001300063041000800076100002100084245003900105300000800144490000600152IT-RoPAU120407s9999 xx 000 0 und d aIT-RoPAU cIT-RoPAU aita aLuis Rubio Moran aCristo nella storia della salvezza c cm v1